Die meisten Quiz - Statistiken

Allgemein
  • Dieses Quiz wurde 165 mal gespielt
  • Das Durchschnittsergebnis liegt bei 16 aus 25
Antwortstatistiken
Hint Antwort % Korrekt
Wie viele Amerikaner sprechen Englisch? Die Meisten
98%
Wie viele Amerikaner sprechen Lettisch? Einige
97%
Wie viele Passagiere kamen beim Untergang der Titanic ums Leben? Die Meisten
91%
Wie viele amerikanische Präsidenten wurden ermordet? Einige
91%
Wie viele Bundeskanzler waren männlich? Die Meisten
83%
Wie viele Bundesländer grenzen an die Nord- oder Ostsee? Einige
81%
Wie viele Säugetiere legen Eier? Einige
80%
Wie viele Deutsche werden 87 Jahre alt? Einige
79%
Wie viele Länder haben mindestens 5 Millionen Einwohner? Die Meisten
77%
Wie viele Menschen leben in Asien? Die Meisten
77%
Wie viele Spinnenarten sind für Menschen gefährlich? Einige
76%
Wie viele Vögel können fliegen? Die Meisten
74%
Wie viele Pinguine leben auf der Südhalbkugel? Die Meisten
67%
Wie viele Menschen sind Muslime? Einige
67%
Wie viele Länder gehören zur UNO? Die Meisten
66%
Wie viele Knochen der Giraffe sind im Hals? Einige
63%
Wie viele der 7 Weltwunder der Antike existieren noch? Einige
61%
Wie viele britische Premierminister gehörten der Labour Party an? Einige
58%
Welcher Anteil der russischen Bevölkerung leben in der östlichen Hälfte des Landes? Einige
54%
Wie viele Länder haben mindestens eine olympische Medaille gewonnen? Die Meisten
51%
Welcher Anteil der Bevölkerung Australiens leben in der östlichen Hälfte des Landes? Die Meisten
51%
Wie viele chemische Elemente sind Metalle? Die Meisten
29%
Wie viele Menschen haben opponierbare Daumen? Die Meisten
26%
Wie viele Malaysier leben auf Inseln? Einige
24%
Wie viele Ehefrauen Heinrichs VIII. wurden hingerichtet? Einige
18%
Keine übereinstimmenden Quizze gefunden
Verteilung der Resultate
Anzahl Personen mit jedem Resultat
Perzentil nach korrekt beantworteten Fragen
Ihre Resultats-Entwicklung
Sie haben dieses Quiz noch nicht gespielt